| 000 | 00614nam a2200181Ia 4500 | ||
|---|---|---|---|
| 003 | LK-CoDNM | ||
| 008 | 010623t2006 xxu||||| |||| 00| 1 sin d | ||
| 040 |
_aLK-CoDNM _dLK-CoDNM _eLK-CoDNM |
||
| 041 | _asin | ||
| 080 | _a301 DAN | ||
| 100 | _aDanapala,A.H | ||
| 245 | _a21 වන සියවසේ ගෝලීය අර්බුද -ජනගහනය දිළිඳුකම හා කුසගින්න | ||
| 246 | _a21 Wana Siyawase Arbudaya - Janagahanay Diliudu kama Ha Kusaginna - | ||
| 260 |
_bS.Godage _aColombo 10 _c2006 |
||
| 300 | _b231p.;21.5 cm cm | ||
| 650 | _aSociology | ||
| 942 | _cBK | ||
| 999 |
_c125349 _d125349 |
||